000
002820000a22001090004500
100
1
_a
Canclini, Arnoldo
245
1
0
_a
Así también yo os envío
300
_a
Vol.45, núm.195 (1990), Páginas 21-22
650
1
4
_a
GRAN COMISIÓN
773
0
_t
La Biblia en las Américas
942
_c
ANA
999
_c
62878
_d
62878